Сборник тезисов V Научно-технической конференции студентов, аспирантов и молодых ученых (с международным участием) "Неделя науки - 2015", 25-27 марта 2015 г. (Запись № 10055972)

Подробности
000 -МАРКЕР
контрольное поле 02749nam0a2200397 i 4500
001 - ИДЕНТИФИКАТОР ЗАПИСИ
контрольное поле RU\NLR\BIBL_A\010778758
005 - ИДЕНТИФИКАТОР ВЕРСИИ
контрольное поле 20241105183344.0
010 ## - МЕЖДУНАРОДНЫЙ СТАНДАРТНЫЙ НОМЕР КНИГИ (ISBN)
Номер (ISBN) 9785905240515
Тираж 200
021 ## - НОМЕР ГОСУДАРСТВЕННОЙ РЕГИСТРАЦИИ
Код страны Российская Федерация
Номер 2015-33153
Номер Листа государственной регистраци 1960
021 ## - НОМЕР ГОСУДАРСТВЕННОЙ РЕГИСТРАЦИИ
Код страны Российская Федерация
Номер 2015-33153
Номер Листа государственной регистраци 2536
035 ## - ДРУГИЕ СИСТЕМНЫЕ НОМЕРА
Идентификатор записи (NLR Aleph) 010778758
100 ## - ДАННЫЕ ОБЩЕЙ ОБРАБОТКИ
Данные общей обработки 20150608d2015 k y0rusy50 ca
101 0# - ЯЗЫК РЕСУРСА
Язык текста, звукозаписи и т.д. русский
-- английский
102 ## - СТРАНА ПУБЛИКАЦИИ ИЛИ ПРОИЗВОДСТВА
Страна публикации Российская Федерация
105 ## - ПОЛЕ КОДИРОВАННЫХ ДАННЫХ: ТЕКСТОВЫЕ МАТЕРИАЛЫ, МОНОГРАФИЧЕСКИЕ
Кодированные данные о монографическом текстовом документе ac||z|||101yy
200 1# - ЗАГЛАВИЕ И СВЕДЕНИЯ ОБ ОТВЕТСТВЕННОСТИ
Основное заглавие Сборник тезисов V Научно-технической конференции студентов, аспирантов и молодых ученых (с международным участием) "Неделя науки - 2015", 25-27 марта 2015 г.
210 ## - ПУБЛИКАЦИЯ, РАСПРОСТРАНЕНИЕ И ДР.
Место издания, распространения и т.д. Санкт-Петербург
Имя издателя, распространителя и т. д. Изд-во Санкт-Петербургского технологического института (технического университета)
Дата издания, распространения и т.д. 2015
215 ## - ФИЗИЧЕСКАЯ ХАРАКТЕРИСТИКА
Специфическое обозначение материала и объем 294 с.
Другие сведения о физической характеристике ил.
Размеры 21
300 ## - ОБЩИЕ ПРИМЕЧАНИЯ
Текст примечания На обл.: Неделя науки: V научно-техническая конференция с международным участием: сборник тезисов
300 ## - ОБЩИЕ ПРИМЕЧАНИЯ
Текст примечания В надзаг.: С.-Петерб. гос. технол. ин-т (техн. ун-т), Упр. науч. исслед.
300 ## - ОБЩИЕ ПРИМЕЧАНИЯ
Текст примечания Текст на рус. и англ. яз.
320 ## - ПРИМЕЧАНИЯ О НАЛИЧИИ В ДОКУМЕНТЕ БИБЛИОГРАФИИ / УКАЗАТЕЛЯ
Текст примечания Библиогр. в конце докл.
320 ## - ПРИМЕЧАНИЯ О НАЛИЧИИ В ДОКУМЕНТЕ БИБЛИОГРАФИИ / УКАЗАТЕЛЯ
Текст примечания Алф. указ.: с. 287-294
512 1# - ЗАГЛАВИЕ ОБЛОЖКИ
Заглавие обложки Неделя науки
Сведения, относящиеся к заглавию V научно-техническая конференция с международным участием
-- сборник тезисов
600 #1 - ИМЯ ЛИЦА КАК ПРЕДМЕТ
Начальный элемент ввода Ионин
Часть имени, кроме начального элемента ввода Б.И.
Даты 1935 - 2013
Расширение инициалов личного имени Борис Иосифович
Системный номер авторитетной/нормативной записи 2237872
Идентификатор авторитетной/нормативной записи RU\NLR\AUTH\6601574663
601 02 - НАИМЕНОВАНИЕ ОРГАНИЗАЦИИ КАК ПРЕДМЕТ
Начальный элемент ввода Санкт-Петербургский государственный технологический институт
Формальный подзаголовок Сборники
Тематический подзаголовок Научные конференции
Системный номер авторитетной/нормативной записи 2247963
Идентификатор авторитетной/нормативной записи RU\NLR\AUTH\6601579366
601 02 - НАИМЕНОВАНИЕ ОРГАНИЗАЦИИ КАК ПРЕДМЕТ
Начальный элемент ввода Санкт-Петербургский государственный технологический институт
Структурное подразделение организации Научно-исследовательская лаборатория "Каталитические технологии"
Тематический подзаголовок История
Системный номер авторитетной/нормативной записи 2237871
Идентификатор авторитетной/нормативной записи RU\NLR\AUTH\6601574662
686 1# - ИНДЕКСЫ ДРУГИХ КЛАССИФИКАЦИЙ
Индекс Г2д(2)Ионин
686 1# - ИНДЕКСЫ ДРУГИХ КЛАССИФИКАЦИЙ
Индекс Л114.1е(2)л3
686 1# - ИНДЕКСЫ ДРУГИХ КЛАССИФИКАЦИЙ
Индекс Я431(2)39
710 12 - НАИМЕНОВАНИЕ ОРГАНИЗАЦИИ - ПЕРВИЧНАЯ ОТВЕТСТВЕННОСТЬ
Начальный элемент ввода "Неделя науки - 2015", научно-техническая конференция студентов, аспирантов и молодых ученых (с международным участием)
Порядковый номер временной организации и / или порядковый номер ее части 5
Место проведения временной организации Санкт-Петербург
Системный номер авторитетной/нормативной записи 471968
Идентификатор авторитетной/нормативной записи RU\NLR\AUTH\880402509
942 ## - ДОПОЛНИТЕЛЬНЫЕ ЭЛЕМЕНТЫ ЗАПИСИ (АБИС)
Тип экземпляра АБИС Книга
980 ## - КОЛЛЕКЦИЯ
Название коллекции НБР

Нет доступных экземпляров.